メガシンカをするポケモン - Statistics

General Stats
  • This quiz has been taken 40 times
    39 since last reset
  • The average score is 43 of 87
Answer Stats
ポケモン名 % Correct
フシギバナ
100%
リザードン
100%
カメックス
100%
バシャーモ
90%
ガブリアス
86%
カイリュー
86%
ラグラージ
81%
メガニウム
81%
オーダイル
76%
ライチュウ
76%
ゲンガー
71%
ギャラドス
71%
ジュカイン
71%
ボーマンダ
71%
エンブオー
71%
ゲッコウガ
71%
ミュウツー
67%
デンリュウ
67%
サーナイト
67%
クチート
67%
アブソル
67%
ラティアス
67%
ルカリオ
67%
ブリガロン
67%
ラティオス
62%
スピアー
62%
ヤミラミ
62%
レックウザ
62%
タブンネ
62%
スターミー
62%
マフォクシー
62%
ハッサム
57%
ボスゴドラ
57%
メタグロス
57%
エルレイド
57%
ピジョット
52%
オニゴーリ
52%
ピクシー
52%
エアームド
52%
ダークライ
52%
カイロス
48%
ライボルト
48%
ヤドラン
48%
ミミロップ
48%
ディアンシー
48%
ウツボット
48%
ジガルデ
48%
ヘラクロス
43%
バンギラス
43%
ハガネール
43%
サメハダー
43%
ユキメノコ
43%
セグレイブ
43%
フーディン
38%
ガルーラ
38%
プテラ
38%
ヘルガー
38%
チャーレム
38%
シャンデラ
38%
チリーン
38%
ムクホーク
38%
ジュペッタ
33%
バクーダ
33%
チルタリス
33%
フラエッテ
33%
ガメノデス
33%
ルチャブル
33%
シャリタツ
33%
キラフロル
33%
ユキノオー
29%
ドリュウズ
29%
ドラミドロ
29%
ヒードラン
29%
ニャオニクス
29%
スコヴィラン
29%
ペンドラー
24%
シビルドン
24%
カラマネロ
24%
タイレーツ
24%
ゼラオラ
24%
ズルズキン
19%
カエンジシ
19%
ジジーロン
19%
ケケンカニ
19%
マギアナ
19%
ゴルーグ
10%
グソクムシャ
10%
No matching quizzes found
Score Distribution
Percent of People with Each Score
Percentile by Number Answered
Your Score History
You have not taken this quiz since the last reset